|
|
|
|
| LEADER |
00000nam a22000005a 4500 |
| 001 |
vtls010446061 |
| 003 |
SK-MaSNL |
| 005 |
20260301132809.0 |
| 008 |
240313s2012 xo dl 000 0 slo |
| 015 |
|
|
|a SNBA2013
|
| 020 |
|
|
|a 9788022534444
|q (brož.)
|
| 035 |
|
|
|a 65CE2BF8-D5CC-4DF6-881B-310DF5DD06AE
|
| 035 |
|
|
|a urn:nbn:sk:snk-amjlhf
|
| 035 |
|
|
|a urn:nbn:sk:snk-am001zla
|
| 040 |
|
|
|a SNK
|b slo
|c SNK
|e AACR2
|
| 041 |
0 |
|
|a slo
|
| 044 |
|
|
|a xo
|c SK
|
| 072 |
|
7 |
|a 336.7
|x Financie
|2 konspekt
|
| 072 |
|
7 |
|a 37.016
|x Učebné osnovy. Vyučovacie predmety. Učebnice
|2 konspekt
|
| 080 |
|
|
|a 336.76
|2 2001
|
| 080 |
|
|
|a (075.8)
|2 2001
|
| 100 |
1 |
|
|a Bikár, Miloš,
|d 1973-
|4 aut
|9 194098
|
| 245 |
1 |
0 |
|a Finančné investície
|c Miloš Bikár, Miroslav Kmeťko, Oľga Miková
|
| 250 |
|
|
|a 1. vyd.
|
| 260 |
|
|
|a Bratislava
|b Ekonóm
|c 2012
|
| 300 |
|
|
|a 190 s.
|b grafy, obr., tab.
|c 21 cm
|
| 366 |
|
|
|e 250 výtl.
|
| 500 |
|
|
|a Vydala Ekonomická univerzita v Bratislave vo vydavateľstve Ekonóm
|
| 504 |
|
|
|a Bibliogr. s. 188-190
|
| 650 |
0 |
7 |
|a finančné investovanie
|2 SNKPH
|9 66791
|
| 650 |
0 |
7 |
|a finančné trhy
|2 SNKPH
|9 2275
|
| 650 |
0 |
7 |
|a Financial investments
|2 SNKPHeng
|9 267273
|
| 650 |
0 |
7 |
|a Financial markets
|2 SNKPHeng
|9 267391
|
| 655 |
|
7 |
|a učebnice vysokých škôl
|2 SNKPH
|9 70191
|
| 655 |
|
7 |
|a Textbooks (higher)
|2 SNKPHeng
|9 276436
|
| 700 |
1 |
|
|a Kmeťko, Miroslav,
|d 1969-
|4 aut
|9 194099
|
| 700 |
1 |
|
|a Miková, Oľga,
|d 1942-
|4 aut
|9 133111
|
| 852 |
|
|
|a Štátna vedecká knižnica v Banskej Bystrici
|
| 919 |
|
|
|a 978-80-225-3444-4
|
| 958 |
|
|
|a NB
|
| 999 |
|
|
|c 751994
|d 753924
|
| 952 |
|
|
|a SNK
|b SNK
|y PREZ
|7 0
|p 17A1048278
|o snkSC 150922
|i snk2012/16972
|8 0
|0 0
|1 0
|4 0
|d 2012-09-05
|l 0
|r 2025-07-21 00:00:00
|w 2026-02-23
|
| 952 |
|
|
|a SNK
|b SNK
|y VYP
|7 0
|p 17A1048279
|o snkSC 150922 D1
|i snk2012/16974
|8 0
|0 0
|1 0
|4 0
|d 2012-09-05
|l 0
|r 2026-02-23 23:36:06
|w 2026-02-23
|